Cartas sobre autoformación / (Record no. 75923)

MARC details
000 -LEADER
campo de control de longitud fija 00668nam a2200217 i 4500
001 - NÚMERO DE CONTROL
campo de control 75923
003 - IDENTIFICADOR DE NÚMERO DE CONTROL
campo de control ES-MaACL
005 - FECHA Y HORA DE LA ÚLTIMA TRANSACCIÓN
campo de control 20250808062530.0
007 - CAMPO FIJO DE DESCRIPCIÓN FÍSICA--INFORMACIÓN GENERAL
campo de control de longitud fija t|
008 - DATOS DE LONGITUD FIJA--INFORMACIÓN GENERAL
campo de control de longitud fija 040928s1955 sp |||| | spa d
100 1# - ENTRADA PRINCIPAL--NOMBRE DE PERSONA
Nombre de persona Guardini, Romano.
9 (RLIN) 60319
245 10 - MENCIÓN DEL TÍTULO
Título Cartas sobre autoformación /
Mención de responsabilidad, etc. Romano Guardini ; versión española de G. Termenón Solís.
260 ## - PUBLICACIÓN, DISTRIBUCIÓN, ETC.
Lugar de publicación, distribución, etc. San Sebastián :
Nombre del editor, distribuidor, etc. Dinor,
Fecha de publicación, distribución, etc. 1955 (
Lugar de fabricación/manufactura Zarauz :
Fabricante Icharopena)
300 ## - DESCRIPCIÓN FÍSICA
Extensión 219 p. ;
Dimensiones 19 cm.
490 1# - MENCIÓN DE SERIE
Mención de serie Prisma
650 07 - PUNTO DE ACCESO ADICIONAL DE MATERIA--TÉRMINO DE MATERIA
Término de materia o nombre geográfico como elemento de entrada Vida cristiana
Fuente del encabezamiento o término embne
9 (RLIN) 17790
700 1# - ENTRADA AGREGADA--NOMBRE PERSONAL
Nombre de persona Termenón Solís, G.
9 (RLIN) 109747
830 00 - PUNTO DE ACCESO ADICIONAL DE SERIE-TÍTULO UNIFORME
Título uniforme Prisma
9 (RLIN) 180749
852 ## - LOCALIZACIÓN
Ubicación ES-MaACL
Número de control de estantería C-9838
Holdings
Estatus retirado Estado de pérdida Estado de daño No para préstamo Biblioteca de origen Biblioteca actual Ubicación en estantería Fecha de adquisición Fuente de adquisición Total de préstamos Signatura topográfica completa Código de barras Visto por última vez Precio de reemplazo Tipo de ítem Koha
        Biblioteca del Ateneo de Madrid Biblioteca del Ateneo de Madrid Sala Palomar 17/01/2008     C-9838 1079462 23/02/2023 23/02/2023 Libro impreso